<A> Beruházási feszültségek okariól és természetéról

Salvato in:
Dettagli Bibliografici
Autore principale: Bélyácz, Ivan
Natura: Libro
Lingua:ungherese
Pubblicazione: Pécs Tudományegyetem 1981
Tags: Aggiungi Tag
Nessun Tag, puoi essere il primo ad aggiungerne!!

MARC

LEADER 00000nam a2200000 4500
001 c125199
005 20041019155234.3
041 0 |a hun 
044 |a HU 
245 1 0 |a <A> Beruházási feszültségek okariól és természetéról  |c Ivan Bélyácz 
264 1 |a Pécs  |b Tudományegyetem  |c 1981 
300 |a 23 s. 
100 1 |a Bélyácz, Ivan